000 00510nam a2200205Ia 4500
005 20250923150415.0
008 008 250917s9999 xx 000 0 eng d
037 _aTextual
040 _aDSWL
_beng
_cDSWL
041 _aeng
_2eng
084 _qDSWL
100 _aNagla, Bk
_9845621
245 0 _aDiversity democracy and development
_cby Bk Nagla
260 _aJaipur
_b Rawat Pub.
_c2021
300 _a219 p.
365 _aINR
_b975
925 _g975
942 _cTEXL
999 _c1463118
_d1463118